| 000 | 00656nam a2200193Ia 4500 | ||
|---|---|---|---|
| 003 | OSt | ||
| 005 | 20250108123922.0 | ||
| 008 | 210210b2003 xxu||||| |||| 00| 0 eng d | ||
| 040 | _cAL | ||
| 041 | _aKannada | ||
| 082 | _aK894.9 VEND | ||
| 100 |
_aVENKATESHA INDVADI. _dವೆಂಕಟೇಶ ಇಂದ್ವಾದಿ _9192658 |
||
| 245 |
_aDevachandrana rajavali kate: samskratika mukhamukhi. _bದೇವಚಂದ್ರನ ರಾಜಾವಳಿ ಕತೆ: ಸಂಸ್ಕೃತಿಕ ಮುಖಾ ಮುಖಿ |
||
| 260 |
_aHampi _bPrasaranga _c2003 |
||
| 300 | _a20,154 | ||
| 690 |
_aKannada Criticism _9192659 |
||
| 906 | _aSG04160 | ||
| 942 |
_2ddc _cBK |
||
| 999 |
_c114968 _d114968 |
||